000 00892nam a2200217 4500
001 44891
003 BD-RjUL
005 20211209053931.0
008 160620r19961985bg ||||| |||| 00| j ben d
035 _a(BD-RjUL)45009
040 _aBD-RjUL
_bben
_cBD-RjUL
041 _aben
082 _223
_a891.44309
_bGUP 1996
100 1 _aগুপ্ত, জ্যোৎস্ন
_9137551
245 1 0 _aপরশুরামের গল্প :
_bমন ওশিল্প /
_cজ্যোৎস্ন গুপ্ত
260 _aকলিকাতা :
_bপুস্তক বিপণি,
_c১৯৮৫ [মুদ্রণ ১৯৯৬]
300 _a১৯২ পৃ. ;
_c ২২ সেমি.
650 _aবাংলা ছোটগল্প
_9137552
_xইতিহাস ও সমালোচনা
650 _aBanglali Short stories
_9137553
_xHistory and Critiicism
942 _2ddc
_cBK
999 _c44891
_d44891